Effectif Pays-Bas Euro 2021 - Statistiques

Statistiques générales
  • Ce quiz a été pris 11 fois
  • Le résultat moyen est 15 sur 26
Statistiques - réponses
POSTE CLUB NUMERO JOUEUR % Correct
MIL FC Barcelone 21 Frenkie de Jong
91%
ATT Séville FC 9 Luuk de Jong
91%
ATT Olympique Lyonnais 10 Memphis Depay
91%
DEF PSV Eindhoven 22 Denzel Dumfries
82%
MIL Liverpool 8 Georginio Wijnaldum
82%
DEF Juventus 3 Matthijs de Ligt
82%
DEF Manchester City 4 Nathan Aké
82%
DEF Ajax Amsterdam 17 Daley Blind
73%
COACH - - Frank de Boer
73%
DEF Inter Milan 6 Stefan de Vrij
73%
ATT PSV Eindhoven 26 Cody Gakpo
55%
DEF Brighton 2 Joël Veltman
55%
MIL Atalanta Bergame 15 Marten de Roon
55%
ATT Spartak Moscou 11 Quincy Promes
55%
MIL Ajax Amsterdam 16 Ryan Gravenberch
55%
ATT Feyenoord Rotterdam 7 Steven Berghuis
55%
G Ajax Amsterdam 1 Maarten Stekelenburg
45%
DEF Crystal Palace 12 Patrick van Aanholt
45%
G Norwich City 13 Tim Krul
45%
ATT VfL Wolfsburg 19 Wout Weghorst
45%
MIL Ajax Amsterdam 14 Davy Klaassen
36%
ATT PSV Eindhoven 18 Donyell Malen
36%
DEF Ajax Amsterdam 25 Jurriën Timber
36%
MIL AZ Alkmaar 24 Teun Koopmeiners
36%
G AZ Alkmaar 23 Marco Bizot
27%
DEF AZ Alkmaar 5 Owen Wijndal
18%
Aucun quiz correspondant
Distribution des résultats
% des personnes avec chaque résultat
Percentile par nombre de réponses
Votre historique - résultats
Vous n’avez pas pris ce quiz